Statistics for Europe, Asia, Both or Neither?

Click here to take the quiz!

General Stats

  • This quiz has been taken 693 times
    (682 since last reset)
  • The average score is 7 of 16

Answer Stats

QuestionAnswer% Correct
Contains part of RussiaBoth
90%
Has over 1 billion peopleAsia
73%
Has a highest temperature of over 50ºC (122ºF)Asia
69%
Had at least 5 million military deaths in World War IIBoth
58%
A GDP per Capita of around $30,000 (Nominal)Europe
57%
Contains countries which are currently Communist statesAsia
56%
Has at least 200 million people that speak EnglishBoth
50%
Hosted an Olympic Games (Summer or Winter) between 1940 and 1945Neither
41%
The birthplace of any of the 5 founders of FacebookNeither
39%
Has at least 15 landlocked countriesEurope
30%
Contains evidence for anatomically modern humans from 100,000 years agoAsia
28%
Where Star Wars: The Force Awakens collected at least $500m total at the Box OfficeEurope
28%
Contains countries which have competed in at least 10 men's FIFA World CupsBoth
27%
Contains at least 4 countries that start with an "M"Both
26%
Over 25% of the area is desertNeither
22%
Has a population density of over 150 people per km² (390 per mi²)Neither
11%

Score Distribution

Percentile by Number Answered

Percent of People with Each Score

Your Score History

You have not taken this quiz since the last reset